77 provinces of Thailand - Statistics

General Stats
  • This quiz has been taken 2,222 times
  • The average score is 27 of 77
Answer Stats
Hint Answer % Correct
55 Bangkok
84%
2 Chiang Mai
75%
3 Chiang Rai
68%
5 Nan
62%
70 Phuket
57%
58 Chonburi
53%
59 Rayong
52%
76 Yala
52%
1 Mae Hong Son
49%
7 Lampang
47%
9 Tak
47%
65 Ranong
46%
17 Udon Thani
45%
37 Buriram
44%
48 Nonthaburi
43%
24 Khon Kaen
42%
13 Loei
42%
68 Krabi
41%
4 Phayao
41%
61 Trat
41%
36 Nakhon-Ratchasima
40%
75 Pattani
40%
71 Trang
40%
40 Ubon-Ratchathani
40%
6 Lamphun
38%
56 Samut Prakan
37%
34 Singburi
37%
38 Surin
37%
32 Nakhon Sawan
35%
77 Narathiwat
35%
45 Saraburi
35%
66 Surat Thani
35%
41 Kanchanaburi
34%
11 Uttaradit
34%
8 Phrae
33%
74 Songkhla
33%
33 Chainat
32%
50 Nakhon-Nayok
32%
53 Samut Songkhram
32%
35 Lopburi
31%
14 Nong Khai
31%
12 Phitsanulok
31%
46 Ratchaburi
31%
10 Sukhothai
31%
43 Ang-Thong
30%
47 Nakhon-Pathom
30%
49 Pathum-Thani
30%
54 Samut Sakhon
30%
39 Sisaket
30%
44 Ayutthaya
29%
23 Chaiyaphum
29%
60 Chanthaburi
29%
19 Nakhon Phanom
29%
69 Nakhon Si Thammarat
29%
28 Roi Et
29%
73 Satun
29%
25 Kalasin
28%
42 Suphanburi
28%
15 Bueng Kan
27%
64 Chumphon
27%
62 Phetchaburi
27%
27 Maha-Sarakham
26%
26 Mukdahan
25%
22 Phetchabun
25%
31 Uthaithani
25%
29 Yasothon
25%
67 Phang Nga
24%
21 Phichit
24%
16 Nong-Bua-Lamphu
23%
18 Sakon Nakhon
23%
30 Amnat-Charoen
22%
57 Chachoengsao
21%
51 Prachin-Buri
21%
20 Kamphaeng-Phet
19%
72 Phatthalung
19%
63 Prachuap Khiri Khan
18%
52 Sa Kaew
17%
No matching quizzes found
Score Distribution
Percent of People with Each Score
Percentile by Number Answered
Your Score History
You have not taken this quiz